MDQL
is popping MORE tags! Check the
thread
!
Quizzes
Events
Quiz Creation
Community
Videos
Private Events
Remove Ads
Sign In
Join for FREE
Feedback
Dark Mode
Quiz Categories
Sports
Geography
Music
Movies
Television
Just For Fun
Miscellaneous
History
Literature
Language
Science
Gaming
Entertainment
Religion
Holiday
For Kids
Quiz Lab
Recent
Popular Today
Quiz Kudos Today
Editor Picks
Curator Picks
Quizzes by...
Day
Popularity
Type
Ratings
Length
Year
Community
Subscriptions
Recent Discussions
Orange Saloon
Badges
Playlists
Quests
Create
Leaderboards
Showdown
Live 5
Trivia Bingo
Activity
Puzzle Library
Sporcle Events
Private Events
Virtual Trivia
Globe League
Become a Host
Pub Owners
SporcleCon
Opinionation
Our Games
Videos
Blog
Mobile Apps
Partnerships
Remove Ads and Go Orange
Feedback
Sports
Athletes
MLB
NBA
NHL
NFL
Soccer
Sports Teams
WWE
NCAA
Football
Premier League
Basketball
Baseball
Hockey
Golf
Tennis
Cricket
Rugby
Auto Racing
Olympics
World Cup
Sports
Athletes
MLB
NBA
NHL
NFL
Soccer
Sports Teams
WWE
NCAA
Football
Premier League
Basketball
Baseball
Hockey
Golf
Tennis
Cricket
Rugby
Auto Racing
Olympics
World Cup
Random Quiz
Search Sporcle
×
Quiz Lab
Quiz Lab
Sports
Football
Type in answers that appear in a list
Type in answers that appear in a list
Classic
Best Score? Go Orange.
English Clubs with 10,000+ seat stadiums Stats
Can you name the English Clubs with 10,000+ seat stadiums?
By
hamilton162
12m
80 Questions
521 Plays
521 Plays
521 Plays
Comments
Comments
Give Quiz Kudos
Give Quiz Kudos
-
- Ratings
hide this ad
Replay
Link that replays current quiz
Next Quiz
Link to next quiz in quiz playlist
You Got
0%
They Got
Avg Score
63%
Avg Friend Score
Upgrade to see
Score Distribution
Jump to the score distribution portion of the page
Score
0/80
Timer
12:00
0
Plays Today
Can you name the football clubs with 10,
% Correct
Manchester United
98.7%
Arsenal
98.3%
Liverpool
96%
Chelsea
95.4%
Manchester City
94.6%
Newcastle United
91.6%
Aston Villa
91.6%
Everton
91.4%
Sunderland
88.5%
Tottenham
88.1%
Leeds United
86.6%
West Ham United
86.4%
Portsmouth
86%
Birmingham City
85.2%
Bolton Wanderers
82.3%
Fulham
82.3%
Southampton
81.6%
Blackburn Rovers
80.6%
Wolverhampton Wanderers
80.6%
Sheffield United
80.4%
Hull City
80.2%
West Bromwich Albion
80%
Sheffield Wednesday
79.3%
Norwich City
79.3%
Cardiff City
78.7%
Nottingham Forest
78.5%
Wigan Athletic
77.4%
Middlesbrough
76.8%
Stoke City
76.8%
Burnley
76.8%
Derby County
75.4%
Charlton Athletic
74.1%
Ipswich Town
73.5%
Swansea City
72.7%
Leicester City
72.2%
Queens Park Rangers
72%
Bristol City
71.8%
Notts County
70.4%
Crystal Palace
69.5%
Blackpool
68.7%
Can you name the football clubs with 10,
% Correct
Coventry City
67.8%
Plymouth Argyle
67.4%
Reading
66%
Bristol Rovers
65.6%
Bradford City
64.5%
Barnsley
64.5%
MK Dons
64.3%
Watford
62.2%
Preston North End
61.4%
Swindon Town
59.3%
Huddersfield Town
58.2%
Millwall
57.6%
Doncaster Rovers
57%
Oldham Athletic
55.9%
Carlisle United
54.7%
Tranmere Rovers
52.8%
Colchester United
52.2%
Oxford United
51.6%
Peterborough United
51.4%
Luton Town
50.5%
Darlington
49.7%
Gillingham
49.1%
Rotherham United
45.9%
Brentford
45.3%
Southend United
44.3%
Walsall
43.8%
Lincoln City
43.4%
Stockport County
43.2%
Port Vale
42.4%
Wrexham
40.9%
Bury
40.3%
Rochdale
39.5%
Wycombe Wanderers
38.8%
Crewe
37.4%
Mansfield Town
27.1%
Gateshead
13.1%
FC United of Manchester
5.4%
Leigh Genesis
4%
St Helens Town
1.7%
Parramore Sports
1%
Quiz Playlist
Details
Report
Send in Message
Add To Playlist
Classic:
Type in answers that appear in a list
Last Updated: Feb 16, 2017
Quiz Scoreboard
CHALLENGE
Sign Up to Join the Scoreboard
Show All
Scores
Hide
Comments
May contain spoilers
Recently Published
Image Sorting: Flags VI
by Barbecue
Geography
2m
Find the 'City' Movie
by crazypaving
Movies
60s
Colored Red Africa Blitz
by spor1
Geography
45s
More to Explore
Quiz From the Vault
Featured Blog Post
14 Easter Pick-up Lines to Find Eggs With
hide this ad
You Might Also Like...
Tags
Football Quiz
10 000
club
English
English Clubs
seat
Stadiums
Today's Top Quizzes in Sports
Browse Sports
hide this ad
Today's Top Quizzes in Football
Browse Football
Top Contributed Quizzes in Sports
1
Les meilleurs buteurs des matchs entre le PSG et l’OM
2
Les entraîneurs de l'OM et du PSG au 21e siècle
3
Les joueurs passés par le PSG et l'OM
4
2022 World Cup Stars
5
Players with Multiple 50 Home Run Seasons
6
Criteria MLB: Left Handed Sluggers
7
MLB Players with Two .350 Batting Average Seasons
8
Les joueurs passés par le LOSC et le RC Lens
9
NBA Logic Puzzle 2.0
10
Top 10 NHL Goal Scorers of All Time
Explore More
Trending Topics
Harry Potter
Disney
Crossword
NBA
Kpop
Marvel
Anime
WWE
Song
Puzzle
The Office
Pokémon
NFL
Soccer
Country
hide this ad
More By:
hamilton162
Quiz
Plays
Rating
Category
Featured
Created
English Clubs with 10,000+ seat stadiums
521
4.33
Sports
Dec 21, 2009
Go to Creator's Profile
Score Distribution
Quiz Creator Spotlight
hamilton162
Follow
Send a Message
Quizzes Created
-
Created Quiz Play Count
-
More By This Creator
Popular Quizzes Today
1
Colored Red Africa Blitz
2
Find the US States - No Outlines Minefield
3
Find the 'City' Movie
4
5x2 Blitz: Bands
5
The Countries of the World
6
Find the US States
7
Find the Countries of Europe - No Outlines Minefield
8
US States
More Sports Quizzes
Bleacher Report's Top 15 Small Forwards 2019-20
Quiz Lab
Trending Quizzes
Colored Red Europe Blitz I
Colored Red Europe Blitz II
Colored Red Africa Blitz II
Colored Red Europe Blitz III
Colored Red Africa Blitz III
Recently Updated
How Do You Spell That?
pecheneg
Godzilla Movies
pecheneg
Grab Bag: 4-10 Letters
pecheneg
2024 March Madness Bracket
pecheneg
Famous TV Couples
Peacemaker
Champions League XIs: Real Madrid
pecheneg
Largest US Cities 1790-2010
pecheneg
Rides in Walt Disney World
pecheneg
Most Oscar Losses (Acting)
pecheneg
Beyoncé Albums
pecheneg
Trending Topics
Disney
Anime
Kpop
Marvel
NBA
Harry Potter
Crossword
Soccer
Pokémon
Puzzle
Country
NFL
The Office
Song
WWE
Your Account Isn't Verified!
In order to create a playlist on Sporcle, you need to verify the email address you used during registration. Go to your
Sporcle Settings
to finish the process.
Report this User
Report this user for behavior that violates our
Community Guidelines
.
Details:
Send Report
Go to the Sporcle.com Mobile Site →
Comments